00329nam a2200145Ia 4500008004100000020001500041041000800056082001600064100002700080245002300107250000600130260001600136300000800152650002300160210716s1986 xx 000 0 und d a093460102X aeng a374.22 FLOY aFloyd;Rinhart, Marion. aVictorian florida. a1 aU S Ac1986 a223 aGeneral Management